[Event "Greek Team Championship"]
[Site "chess24.com"]
[Date "2017.07.05"]
[Round "4"]
[White "Litsas, Ioannis"]
[Black "Pavlidis, Anastasios"]
[Result "1-0"]
[Board "2"]
[WhiteElo "2105"]
[WhiteCountry "GRE"]
[WhiteFideId "4206886"]
[WhiteEloChange "17"]
[BlackElo "2398"]
[BlackTitle "IM"]
[BlackCountry "GRE"]
[BlackFideId "4208404"]
[BlackEloChange "-17"]

1. e4 {[%clk 1:26:39]} e5 {[%clk 1:30:45]} 2. Nf3 {[%clk 1:27:05]} Nc6 {[%clk
1:31:08]} 3. Bc4 {[%clk 1:25:53]} Nf6 {[%clk 1:31:28]} 4. Ng5 {[%clk 1:24:57]} d5
{[%clk 1:31:49]} 5. exd5 {[%clk 1:25:22]} Na5 {[%clk 1:32:12]} 6. Bb5+ {[%clk
1:25:41]} c6 {[%clk 1:32:34]} 7. dxc6 {[%clk 1:26:03]} bxc6 {[%clk 1:32:56]} 8.
Bd3 {[%clk 1:25:41]} h6 {[%clk 1:29:23]} 9. Ne4 {[%clk 1:22:24]} Nd5 {[%clk
1:26:56]} 10. O-O {[%clk 1:15:20]} Be7 {[%clk 1:24:40]} 11. Re1 {[%clk 1:14:07]}
O-O {[%clk 1:24:49]} 12. Ng3 {[%clk 1:07:51]} Bd6 {[%clk 1:24:02]} 13. Bf5 {[%clk
1:06:35]} Bb7 {[%clk 1:17:18]} 14. Nc3 {[%clk 1:00:39]} g6 {[%clk 1:16:30]} 15.
Nce4 {[%clk 0:59:20]} Be7 {[%clk 1:08:38]} 16. d3 {[%clk 0:55:00]} Nf4 {[%clk
1:04:48]} 17. Qf3 {[%clk 0:48:21]} c5 {[%clk 0:59:05]} 18. Bxf4 {[%clk 0:42:50]}
exf4 {[%clk 0:59:22]} 19. Qxf4 {[%clk 0:43:14]} Bg5 {[%clk 0:58:26]} 20. Nxg5
{[%clk 0:43:18]} hxg5 {[%clk 0:58:39]} 21. Qe5 {[%clk 0:43:38]} Nc6 {[%clk
0:54:30]} 22. Qxc5 {[%clk 0:41:25]} gxf5 {[%clk 0:54:39]} 23. Nxf5 {[%clk
0:38:22]} Qf6 {[%clk 0:53:51]} 24. h4 {[%clk 0:36:50]} Bc8 {[%clk 0:30:09]} 25.
Qxc6 {[%clk 0:35:54]} Qxc6 {[%clk 0:29:30]} 26. Ne7+ {[%clk 0:36:19]} Kh7 {[%clk
0:29:20]} 27. Nxc6 {[%clk 0:36:44]} gxh4 {[%clk 0:24:51]} 28. Re4 {[%clk
0:36:11]} h3 {[%clk 0:25:18]} 29. gxh3 {[%clk 0:36:11]} Rg8+ {[%clk 0:25:41]} 30.
Kh2 {[%clk 0:32:25]} Bb7 {[%clk 0:25:34]} 31. Rh4+ {[%clk 0:32:50]} Kg7 {[%clk
0:25:47]} 32. Ne7 {[%clk 0:30:59]} Rge8 {[%clk 0:25:31]} 33. Nf5+ {[%clk
0:31:17]} Kf6 {[%clk 0:25:28]} 34. Ne3 {[%clk 0:31:10]} Rh8 {[%clk 0:24:27]} 35.
Rxh8 {[%clk 0:30:29]} Rxh8 {[%clk 0:24:52]} 36. Re1 {[%clk 0:30:22]} Bc8 {[%clk
0:24:19]} 37. Nd5+ {[%clk 0:30:46]} Kg5 {[%clk 0:23:07]} 38. Rg1+ {[%clk
0:31:01]} Kh4 {[%clk 0:23:02]} 39. Rg3 {[%clk 0:26:53]} Be6 {[%clk 0:23:17]} 40.
Nf4 {[%clk 0:56:55]} Bf5 {[%clk 0:52:10]} 41. d4 {[%clk 0:50:45]} Re8 {[%clk
0:51:40]} 42. Ng2+ {[%clk 0:48:41]} Kh5 {[%clk 0:51:57]} 43. Re3 {[%clk 0:48:47]}
Re4 {[%clk 0:47:52]} 44. Rxe4 {[%clk 0:48:57]} Bxe4 {[%clk 0:48:17]} 45. c3
{[%clk 0:49:20]} Bb1 {[%clk 0:48:37]} 46. a3 {[%clk 0:49:39]} Ba2 {[%clk
0:49:02]} 47. Kg3 {[%clk 0:49:59]} Kg5 {[%clk 0:49:25]} 48. Ne3 {[%clk 0:50:23]}
a5 {[%clk 0:49:33]} 49. b4 {[%clk 0:50:37]} 1-0

[Event "Greek Team Championship"]
[Site "chess24.com"]
[Date "2017.07.05"]
[Round "4"]
[White "Bunis, Vassilis"]
[Black "Sidiropoulos, Nikolaos"]
[Result "0-1"]
[Board "3"]
[WhiteElo "2237"]
[WhiteTitle "FM"]
[WhiteCountry "GRE"]
[WhiteFideId "4203127"]
[WhiteEloChange "-15"]
[BlackElo "2025"]
[BlackCountry "GRE"]
[BlackFideId "4217250"]
[BlackEloChange "15"]

1. e4 {[%clk 1:30:56]} g6 {[%clk 1:29:29]} 2. d4 {[%clk 1:31:18]} Bg7 {[%clk
1:29:50]} 3. Nc3 {[%clk 1:31:38]} c6 {[%clk 1:30:08]} 4. Be3 {[%clk 1:31:31]} d5
{[%clk 1:29:56]} 5. Nf3 {[%clk 1:29:32]} dxe4 {[%clk 1:28:11]} 6. Nxe4 {[%clk
1:29:49]} Nf6 {[%clk 1:28:26]} 7. Nxf6+ {[%clk 1:29:30]} exf6 {[%clk 1:28:50]} 8.
c3 {[%clk 1:28:50]} Be6 {[%clk 1:28:31]} 9. Be2 {[%clk 1:28:50]} O-O {[%clk
1:28:41]} 10. Qd2 {[%clk 1:28:21]} Nd7 {[%clk 1:25:08]} 11. Bh6 {[%clk 1:28:11]}
Bxh6 {[%clk 1:17:45]} 12. Qxh6 {[%clk 1:28:29]} Re8 {[%clk 1:18:05]} 13. Kf1
{[%clk 1:24:06]} Qb6 {[%clk 1:12:21]} 14. b3 {[%clk 1:22:25]} Qa5 {[%clk
0:51:17]} 15. Qc1 {[%clk 1:21:39]} Re7 {[%clk 0:48:27]} 16. Bd3 {[%clk 1:12:36]}
Rae8 {[%clk 0:46:55]} 17. Qb2 {[%clk 1:11:38]} Bg4 {[%clk 0:46:19]} 18. Ng1
{[%clk 1:10:28]} Nb6 {[%clk 0:41:44]} 19. h3 {[%clk 1:04:43]} Bf5 {[%clk
0:37:17]} 20. Be2 {[%clk 1:00:16]} Nd5 {[%clk 0:29:56]} 21. b4 {[%clk 0:59:38]}
Qa4 {[%clk 0:25:59]} 22. Qd2 {[%clk 0:57:17]} Qc2 {[%clk 0:19:27]} 23. Qxc2
{[%clk 0:40:21]} Bxc2 {[%clk 0:19:55]} 24. Rc1 {[%clk 0:39:47]} Rxe2 {[%clk
0:18:35]} 25. Nxe2 {[%clk 0:40:07]} Bd3 {[%clk 0:18:58]} 26. Kg1 {[%clk 0:34:23]}
Rxe2 {[%clk 0:19:10]} 27. a3 {[%clk 0:34:38]} Ra2 {[%clk 0:17:02]} 28. c4 {[%clk
0:31:00]} Nf4 {[%clk 0:16:54]} 29. Kh2 {[%clk 0:31:19]} g5 {[%clk 0:16:34]} 30.
d5 {[%clk 0:20:40]} Rxf2 {[%clk 0:13:57]} 31. Kg3 {[%clk 0:19:44]} Rd2 {[%clk
0:11:30]} 32. Kf3 {[%clk 0:19:29]} cxd5 {[%clk 0:10:33]} 33. g3 {[%clk 0:19:31]}
Be4+ {[%clk 0:10:45]} 34. Ke3 {[%clk 0:19:55]} Re2+ {[%clk 0:10:39]} 35. Kd4
{[%clk 0:20:12]} Ne6+ {[%clk 0:11:00]} 36. Kc3 {[%clk 0:20:39]} d4+ {[%clk
0:11:14]} 37. Kb3 {[%clk 0:20:56]} Bxh1 {[%clk 0:11:39]} 38. Rxh1 {[%clk
0:21:21]} Re3+ {[%clk 0:11:49]} 39. Ka4 {[%clk 0:21:12]} Rxg3 {[%clk 0:12:03]}
40. c5 {[%clk 0:51:26]} d3 {[%clk 0:42:22]} 41. Kb5 {[%clk 0:51:45]} d2 {[%clk
0:42:22]} 42. a4 {[%clk 0:52:06]} Rc3 {[%clk 0:41:57]} 43. Rd1 {[%clk 0:52:24]}
Nd4+ {[%clk 0:42:20]} 44. Ka5 {[%clk 0:52:44]} Rc1 {[%clk 0:42:42]} 0-1

[Event "Greek Team Championship"]
[Site "chess24.com"]
[Date "2017.07.05"]
[Round "4"]
[White "Tsomis, Dimitrios"]
[Black "Kazakos, Emmanouil"]
[Result "1/2-1/2"]
[Board "4"]
[WhiteElo "1971"]
[WhiteTitle "FM"]
[WhiteCountry "GRE"]
[WhiteFideId "4201280"]
[WhiteEloChange "4"]
[BlackElo "2117"]
[BlackCountry "GRE"]
[BlackFideId "4216555"]
[BlackEloChange "-4"]

1. e4 {[%clk 1:30:40]} c5 {[%clk 1:30:39]} 2. Nf3 {[%clk 1:30:51]} e6 {[%clk
1:31:04]} 3. d4 {[%clk 1:30:52]} cxd4 {[%clk 1:31:28]} 4. Nxd4 {[%clk 1:30:55]}
a6 {[%clk 1:31:52]} 5. c4 {[%clk 1:30:56]} Nf6 {[%clk 1:32:13]} 6. Nc3 {[%clk
1:31:05]} Qc7 {[%clk 1:32:38]} 7. a3 {[%clk 1:30:33]} d6 {[%clk 1:32:40]} 8. Be2
{[%clk 1:30:30]} b6 {[%clk 1:33:00]} 9. Be3 {[%clk 1:30:22]} Bb7 {[%clk 1:33:09]}
10. f3 {[%clk 1:30:09]} Be7 {[%clk 1:33:24]} 11. Rc1 {[%clk 1:27:06]} Nbd7 {[%clk
1:33:08]} 12. Qd2 {[%clk 1:26:30]} Rc8 {[%clk 1:28:34]} 13. O-O {[%clk 1:25:56]}
O-O {[%clk 1:28:45]} 14. Rfd1 {[%clk 1:26:01]} Qb8 {[%clk 1:28:39]} 15. Bf1
{[%clk 1:25:42]} Bd8 {[%clk 1:28:08]} 16. Qf2 {[%clk 1:25:17]} Bc7 {[%clk
1:27:11]} 17. g3 {[%clk 1:25:18]} Rfe8 {[%clk 1:22:08]} 18. b4 {[%clk 1:19:38]}
Qa8 {[%clk 1:08:15]} 19. Nb3 {[%clk 1:12:13]} d5 {[%clk 0:50:48]} 20. cxd5 {[%clk
1:10:52]} exd5 {[%clk 0:48:56]} 21. Bh3 {[%clk 1:10:49]} Rcd8 {[%clk 0:39:23]}
22. Nxd5 {[%clk 0:57:37]} Nxd5 {[%clk 0:32:07]} 23. exd5 {[%clk 0:57:29]} Bb8
{[%clk 0:31:36]} 24. Bg5 {[%clk 0:54:21]} Nf6 {[%clk 0:29:47]} 25. Bxf6 {[%clk
0:49:26]} gxf6 {[%clk 0:30:10]} 26. Nd4 {[%clk 0:47:34]} b5 {[%clk 0:24:38]} 27.
Nf5 {[%clk 0:34:38]} Ba7 {[%clk 0:23:45]} 28. Rc5 {[%clk 0:34:56]} Rxd5 {[%clk
0:22:28]} 29. Rdxd5 {[%clk 0:33:08]} Bxd5 {[%clk 0:22:33]} 30. Qd4 {[%clk
0:32:44]} Bxc5 {[%clk 0:08:15]} 31. bxc5 {[%clk 0:32:42]} Re6 {[%clk 0:07:33]}
32. Qg4+ {[%clk 0:31:49]} Kf8 {[%clk 0:07:57]} 33. Qg7+ {[%clk 0:31:13]} Ke8
{[%clk 0:08:24]} 34. Qg8+ {[%clk 0:30:42]} Kd7 {[%clk 0:08:49]} 35. Qxf7+ {[%clk
0:30:46]} Kd8 {[%clk 0:09:08]} 36. Qg8+ {[%clk 0:28:36]} Re8 {[%clk 0:09:00]} 37.
Qxh7 {[%clk 0:27:41]} Qc6 {[%clk 0:04:50]} 38. Nd4 {[%clk 0:25:44]} Qc7 {[%clk
0:04:11]} 39. Qf5 {[%clk 0:25:44]} Re5 {[%clk 0:02:13]} 40. Qxf6+ {[%clk
0:55:21]} Qe7 {[%clk 0:32:38]} 41. Qh8+ {[%clk 0:51:17]} Qe8 {[%clk 0:32:37]} 42.
Qf6+ {[%clk 0:51:18]} Qe7 {[%clk 0:32:27]} 43. Qh8+ {[%clk 0:51:18]} 1/2-1/2

[Event "Greek Team Championship"]
[Site "chess24.com"]
[Date "2017.07.05"]
[Round "4"]
[White "Pavlidou, Ekaterini"]
[Black "Zimina, Olga"]
[Result "1/2-1/2"]
[Board "5"]
[WhiteElo "2184"]
[WhiteTitle "WIM"]
[WhiteCountry "GRE"]
[WhiteFideId "4213262"]
[WhiteEloChange "5"]
[BlackElo "2390"]
[BlackTitle "IM"]
[BlackCountry "ITA"]
[BlackFideId "4132190"]
[BlackEloChange "-5"]

1. Nf3 {[%clk 1:30:17]} c5 {[%clk 1:30:23]} 2. c4 {[%clk 1:29:15]} Nf6 {[%clk
1:30:46]} 3. Nc3 {[%clk 1:29:27]} Nc6 {[%clk 1:30:45]} 4. e4 {[%clk 1:29:09]} d6
{[%clk 1:28:02]} 5. d3 {[%clk 1:27:11]} g6 {[%clk 1:28:17]} 6. g3 {[%clk
1:26:33]} Bg7 {[%clk 1:28:39]} 7. Bg2 {[%clk 1:26:57]} O-O {[%clk 1:29:04]} 8.
O-O {[%clk 1:27:18]} Rb8 {[%clk 1:27:59]} 9. h3 {[%clk 1:27:08]} a6 {[%clk
1:28:20]} 10. a4 {[%clk 1:27:24]} Ne8 {[%clk 1:28:37]} 11. Be3 {[%clk 1:22:31]}
Nc7 {[%clk 1:27:59]} 12. Qd2 {[%clk 1:16:01]} Nd4 {[%clk 1:17:25]} 13. Bxd4
{[%clk 1:14:48]} cxd4 {[%clk 1:17:46]} 14. Ne2 {[%clk 1:14:18]} e5 {[%clk
1:17:52]} 15. b4 {[%clk 1:13:26]} f5 {[%clk 1:08:59]} 16. Rfc1 {[%clk 1:09:45]}
fxe4 {[%clk 1:06:40]} 17. dxe4 {[%clk 1:09:49]} Bxh3 {[%clk 1:06:34]} 18. Bxh3
{[%clk 1:10:09]} Rxf3 {[%clk 1:06:59]} 19. c5 {[%clk 1:09:37]} Kh8 {[%clk
0:57:18]} 20. Kg2 {[%clk 1:06:44]} Rf6 {[%clk 0:48:01]} 21. cxd6 {[%clk 1:02:57]}
Qxd6 {[%clk 0:47:07]} 22. f3 {[%clk 1:00:21]} Rbf8 {[%clk 0:46:02]} 23. Ng1
{[%clk 0:58:46]} Ne6 {[%clk 0:40:49]} 24. Ra2 {[%clk 0:57:07]} R6f7 {[%clk
0:40:52]} 25. Rac2 {[%clk 0:55:11]} Bf6 {[%clk 0:40:35]} 26. Bxe6 {[%clk
0:53:09]} Qxe6 {[%clk 0:41:00]} 27. b5 {[%clk 0:50:10]} axb5 {[%clk 0:32:44]} 28.
axb5 {[%clk 0:50:31]} Qe7 {[%clk 0:30:13]} 29. Nh3 {[%clk 0:48:25]} Qd7 {[%clk
0:27:27]} 30. Qd3 {[%clk 0:46:27]} Bd8 {[%clk 0:27:31]} 31. Rf1 {[%clk 0:46:11]}
Be7 {[%clk 0:09:23]} 32. Rff2 {[%clk 0:45:06]} Ra8 {[%clk 0:08:33]} 33. Ra2
{[%clk 0:44:31]} Rff8 {[%clk 0:08:13]} 34. f4 {[%clk 0:44:03]} Qe6 {[%clk
0:05:08]} 35. Rxa8 {[%clk 0:39:41]} Rxa8 {[%clk 0:05:38]} 36. f5 {[%clk 0:39:22]}
gxf5 {[%clk 0:05:22]} 37. Rxf5 {[%clk 0:39:35]} Ra3 {[%clk 0:05:24]} 38. Qf1
{[%clk 0:38:50]} Qg6 {[%clk 0:05:03]} 39. Qf2 {[%clk 0:37:24]} Bh4 {[%clk
0:02:49]} 40. Rf3 {[%clk 1:02:44]} Rxf3 {[%clk 0:31:07]} 41. Qxf3 {[%clk
1:03:07]} Kg7 {[%clk 0:27:03]} 42. Nf2 {[%clk 1:03:05]} h5 {[%clk 0:18:58]} 43.
Kh3 {[%clk 0:58:59]} Bg5 {[%clk 0:15:09]} 44. Nd3 {[%clk 0:58:18]} Qe6+ {[%clk
0:11:55]} 45. Kg2 {[%clk 0:57:07]} Qa2+ {[%clk 0:12:16]} 46. Kh3 {[%clk 0:56:56]}
Qe6+ {[%clk 0:12:10]} 47. Kg2 {[%clk 0:57:22]} Qa2+ {[%clk 0:04:08]} 1/2-1/2

[Event "Greek Team Championship"]
[Site "chess24.com"]
[Date "2017.07.05"]
[Round "4"]
[White "Psofimi, Milia"]
[Black "Filoxeni, Danai"]
[Result "1/2-1/2"]
[Board "6"]
[WhiteElo "1507"]
[WhiteCountry "GRE"]
[WhiteFideId "4232135"]
[BlackElo "1521"]
[BlackCountry "GRE"]
[BlackFideId "4248708"]

1. e4 {[%clk 1:30:57]} c5 {[%clk 1:30:53]} 2. Nc3 {[%clk 1:30:57]} Nc6 {[%clk
1:31:17]} 3. f4 {[%clk 1:31:17]} e6 {[%clk 1:31:41]} 4. Bb5 {[%clk 1:30:38]} Nge7
{[%clk 1:31:57]} 5. Nf3 {[%clk 1:30:39]} a6 {[%clk 1:32:07]} 6. Bxc6 {[%clk
1:29:46]} Nxc6 {[%clk 1:32:30]} 7. O-O {[%clk 1:29:11]} Be7 {[%clk 1:31:49]} 8.
d3 {[%clk 1:28:09]} O-O {[%clk 1:31:52]} 9. Qe1 {[%clk 1:20:17]} d5 {[%clk
1:31:37]} 10. e5 {[%clk 1:18:09]} b5 {[%clk 1:27:56]} 11. g4 {[%clk 1:03:51]} f6
{[%clk 1:21:16]} 12. exf6 {[%clk 0:49:54]} Bxf6 {[%clk 1:20:21]} 13. g5 {[%clk
0:29:12]} Be7 {[%clk 1:17:27]} 14. h4 {[%clk 0:23:03]} Bd6 {[%clk 1:15:04]} 15.
Nh2 {[%clk 0:12:13]} Qc7 {[%clk 1:11:34]} 16. Ne2 {[%clk 0:08:30]} e5 {[%clk
1:08:27]} 17. Qg3 {[%clk 0:07:22]} exf4 {[%clk 0:46:29]} 18. Bxf4 {[%clk
0:07:27]} Bxf4 {[%clk 0:46:40]} 19. Rxf4 {[%clk 0:07:00]} Rxf4 {[%clk 0:39:29]}
20. Qxf4 {[%clk 0:05:59]} Qxf4 {[%clk 0:34:19]} 21. Nxf4 {[%clk 0:06:25]} d4
{[%clk 0:34:09]} 22. a3 {[%clk 0:03:39]} Bf5 {[%clk 0:32:25]} 23. Re1 {[%clk
0:02:10]} Rd8 {[%clk 0:30:32]} 24. Nf3 {[%clk 0:01:53]} Rf8 {[%clk 0:21:45]} 25.
Nd2 {[%clk 0:00:37]} Rf7 {[%clk 0:17:08]} 26. Kg2 {[%clk 0:00:37]} Rf8 {[%clk
0:16:35]} 27. Kg3 {[%clk 0:00:49]} Rd8 {[%clk 0:14:36]} 28. Nb3 {[%clk 0:00:37]}
c4 {[%clk 0:14:16]} 29. Nc5 {[%clk 0:00:52]} a5 {[%clk 0:13:29]} 30. Re2 {[%clk
0:00:50]} Kf7 {[%clk 0:12:35]} 31. h5 {[%clk 0:00:35]} Rd6 {[%clk 0:12:19]} 32.
Nb7 {[%clk 0:00:39]} Rd7 {[%clk 0:12:31]} 33. Nc5 {[%clk 0:01:06]} Rd6 {[%clk
0:12:30]} 34. Nb7 {[%clk 0:01:31]} Rd7 {[%clk 0:11:51]} 35. Nc5 {[%clk 0:01:58]}
Rd8 {[%clk 0:11:20]} 36. Nb7 {[%clk 0:01:36]} Rd7 {[%clk 0:10:05]} 37. Nc5 {[%clk
0:02:01]} Re7 {[%clk 0:08:13]} 38. Rxe7+ {[%clk 0:01:06]} Kxe7 {[%clk 0:08:33]}
39. Ne4 {[%clk 0:01:15]} cxd3 {[%clk 0:07:02]} 40. cxd3 {[%clk 0:31:37]} Bxe4
{[%clk 0:36:53]} 41. dxe4 {[%clk 0:30:51]} Kd6 {[%clk 0:36:55]} 42. Kf3 {[%clk
0:19:29]} Ne5+ {[%clk 0:35:07]} 43. Ke2 {[%clk 0:17:14]} Nc4 {[%clk 0:32:36]} 44.
Nd3 {[%clk 0:16:10]} 1/2-1/2

[Event "Greek Team Championship"]
[Site "chess24.com"]
[Date "2017.07.05"]
[Round "4"]
[White "Chatzipanagiotou, Asimenia"]
[Black "Bichaki, Ourania"]
[Result "1/2-1/2"]
[Board "7"]
[WhiteElo "1287"]
[WhiteCountry "GRE"]
[WhiteFideId "25800396"]
[WhiteEloChange "-7"]
[BlackElo "1005"]
[BlackCountry "GRE"]
[BlackFideId "25830368"]
[BlackEloChange "7"]

1. e4 {[%clk 1:30:55]} c6 {[%clk 1:30:49]} 2. d4 {[%clk 1:31:12]} d5 {[%clk
1:31:00]} 3. e5 {[%clk 1:31:24]} Bf5 {[%clk 1:30:58]} 4. Nf3 {[%clk 1:31:05]} e6
{[%clk 1:30:32]} 5. Be2 {[%clk 1:30:30]} Nd7 {[%clk 1:29:25]} 6. O-O {[%clk
1:29:39]} Bg6 {[%clk 1:26:49]} 7. Re1 {[%clk 1:24:21]} Nh6 {[%clk 1:25:25]} 8.
Bd3 {[%clk 1:18:40]} Bxd3 {[%clk 1:19:53]} 9. Qxd3 {[%clk 1:18:51]} Nf5 {[%clk
1:16:22]} 10. c3 {[%clk 1:12:10]} c5 {[%clk 1:04:21]} 11. b3 {[%clk 1:07:10]} Be7
{[%clk 0:58:06]} 12. Nbd2 {[%clk 1:03:12]} O-O {[%clk 0:55:20]} 13. Nf1 {[%clk
0:58:02]} f6 {[%clk 0:49:30]} 14. Ne3 {[%clk 0:42:40]} fxe5 {[%clk 0:45:27]} 15.
dxe5 {[%clk 0:39:35]} Nh4 {[%clk 0:40:10]} 16. Nxh4 {[%clk 0:33:09]} Bxh4 {[%clk
0:40:26]} 17. Nd1 {[%clk 0:32:40]} Qe8 {[%clk 0:37:29]} 18. g3 {[%clk 0:29:18]}
Be7 {[%clk 0:37:03]} 19. f4 {[%clk 0:26:08]} Rc8 {[%clk 0:33:12]} 20. Ne3 {[%clk
0:23:27]} Nb6 {[%clk 0:30:45]} 21. Qe2 {[%clk 0:20:46]} Qg6 {[%clk 0:27:31]} 22.
Kh1 {[%clk 0:20:01]} c4 {[%clk 0:24:46]} 23. bxc4 {[%clk 0:18:26]} dxc4 {[%clk
0:25:05]} 24. Nc2 {[%clk 0:17:08]} Nd5 {[%clk 0:23:15]} 25. Bb2 {[%clk 0:16:34]}
Rfd8 {[%clk 0:22:18]} 26. Nd4 {[%clk 0:15:30]} Qf7 {[%clk 0:18:36]} 27. Qg4
{[%clk 0:14:35]} Nc7 {[%clk 0:18:06]} 28. Rad1 {[%clk 0:13:50]} h5 {[%clk
0:17:01]} 29. Qf3 {[%clk 0:13:18]} Nd5 {[%clk 0:16:45]} 30. Rd2 {[%clk 0:12:48]}
Bc5 {[%clk 0:16:20]} 31. Red1 {[%clk 0:12:35]} Bxd4 {[%clk 0:16:09]} 32. Rxd4
{[%clk 0:12:01]} Qf5 {[%clk 0:15:37]} 33. Qe2 {[%clk 0:10:43]} b5 {[%clk
0:15:37]} 34. a3 {[%clk 0:09:33]} a6 {[%clk 0:14:57]} 35. Kg2 {[%clk 0:09:01]} g6
{[%clk 0:14:15]} 36. Kh1 {[%clk 0:08:35]} Rc7 {[%clk 0:13:33]} 37. R1d2 {[%clk
0:08:07]} Rh7 {[%clk 0:12:32]} 38. h4 {[%clk 0:07:31]} Rf7 {[%clk 0:12:11]}
1/2-1/2

[Event "Greek Team Championship"]
[Site "chess24.com"]
[Date "2017.07.05"]
[Round "4"]
[White "Alexakis, Dimitris"]
[Black "Kalogeris, Ioannis"]
[Result "0-1"]
[Board "8"]
[WhiteElo "2044"]
[WhiteCountry "GRE"]
[WhiteFideId "4277023"]
[WhiteEloChange "-4"]
[BlackElo "2295"]
[BlackCountry "GRE"]
[BlackFideId "4239563"]
[BlackEloChange "4"]

1. e4 {[%clk 1:26:08]} c5 {[%clk 1:29:58]} 2. Nf3 {[%clk 1:26:32]} Nc6 {[%clk
1:30:05]} 3. d4 {[%clk 1:26:13]} cxd4 {[%clk 1:30:27]} 4. Nxd4 {[%clk 1:26:39]}
g6 {[%clk 1:28:32]} 5. c4 {[%clk 1:26:59]} Bg7 {[%clk 1:27:55]} 6. Be3 {[%clk
1:27:22]} Nf6 {[%clk 1:27:47]} 7. Nc3 {[%clk 1:27:33]} d6 {[%clk 1:27:49]} 8. Be2
{[%clk 1:27:53]} Bd7 {[%clk 1:28:03]} 9. f3 {[%clk 1:27:32]} O-O {[%clk 1:28:00]}
10. O-O {[%clk 1:27:55]} Nxd4 {[%clk 1:26:42]} 11. Bxd4 {[%clk 1:28:19]} Nh5
{[%clk 1:23:55]} 12. c5 {[%clk 0:55:06]} dxc5 {[%clk 1:19:23]} 13. Bxc5 {[%clk
0:55:21]} Nf4 {[%clk 0:52:05]} 14. Bd4 {[%clk 0:21:11]} Be6 {[%clk 0:46:23]} 15.
Bxg7 {[%clk 0:09:18]} Kxg7 {[%clk 0:46:48]} 16. Qxd8 {[%clk 0:04:36]} Rfxd8
{[%clk 0:47:10]} 17. Rf2 {[%clk 0:00:50]} Rd2 {[%clk 0:45:53]} 18. Bf1 {[%clk
0:01:10]} Rad8 {[%clk 0:44:13]} 19. b3 {[%clk 0:00:36]} g5 {[%clk 0:42:24]} 20.
Rc1 {[%clk 0:00:34]} a6 {[%clk 0:38:30]} 21. g3 {[%clk 0:00:33]} Ng6 {[%clk
0:37:25]} 22. Rc2 {[%clk 0:00:36]} R2d4 {[%clk 0:37:18]} 23. Rfe2 {[%clk
0:00:34]} Ne5 {[%clk 0:35:47]} 24. Kf2 {[%clk 0:00:34]} Nd3+ {[%clk 0:33:43]} 25.
Ke3 {[%clk 0:00:52]} Nb4 {[%clk 0:31:28]} 26. Rc1 {[%clk 0:01:12]} Rd3+ {[%clk
0:26:42]} 27. Kf2 {[%clk 0:01:41]} Rc8 {[%clk 0:19:13]} 28. Rec2 {[%clk 0:00:35]}
Rd7 {[%clk 0:16:01]} 29. Rb2 {[%clk 0:00:55]} Rdc7 {[%clk 0:15:46]} 30. a3 {[%clk
0:01:05]} Rxc3 {[%clk 0:15:58]} 31. Rxc3 {[%clk 0:01:30]} Rxc3 {[%clk 0:16:23]}
32. axb4 {[%clk 0:01:56]} Bxb3 {[%clk 0:16:30]} 33. Be2 {[%clk 0:00:55]} Kf6
{[%clk 0:15:45]} 34. Ke1 {[%clk 0:00:51]} Ke5 {[%clk 0:14:46]} 35. Kd2 {[%clk
0:00:36]} Kd4 {[%clk 0:14:57]} 36. h4 {[%clk 0:00:36]} h6 {[%clk 0:14:34]} 37.
hxg5 {[%clk 0:00:43]} hxg5 {[%clk 0:15:02]} 38. g4 {[%clk 0:00:39]} b5 {[%clk
0:14:38]} 39. Rb1 {[%clk 0:00:40]} Bc4 {[%clk 0:13:36]} 40. Ra1 {[%clk 0:30:38]}
Rb3 {[%clk 0:43:45]} 41. Bxc4 {[%clk 0:19:56]} bxc4 {[%clk 0:44:09]} 42. Rxa6
{[%clk 0:20:20]} Rxb4 {[%clk 0:43:24]} 43. Ra7 {[%clk 0:20:40]} Rb2+ {[%clk
0:43:44]} 44. Kd1 {[%clk 0:17:51]} Rf2 {[%clk 0:42:25]} 45. Rd7+ {[%clk 0:17:44]}
Kc3 {[%clk 0:42:41]} 46. Rxe7 {[%clk 0:18:01]} Rxf3 {[%clk 0:43:02]} 47. e5
{[%clk 0:14:54]} Kd3 {[%clk 0:43:05]} 48. Rd7+ {[%clk 0:14:15]} Ke4 {[%clk
0:43:27]} 49. Re7 {[%clk 0:14:30]} Rf4 {[%clk 0:43:27]} 50. e6 {[%clk 0:14:42]}
fxe6 {[%clk 0:43:49]} 51. Rxe6+ {[%clk 0:15:05]} Kf3 {[%clk 0:44:15]} 52. Rg6
{[%clk 0:15:01]} Rxg4 {[%clk 0:44:38]} 53. Kd2 {[%clk 0:15:24]} Kf4 {[%clk
0:44:44]} 54. Rc6 {[%clk 0:15:47]} Kf5 {[%clk 0:44:58]} 55. Ke2 {[%clk 0:16:06]}
Re4+ {[%clk 0:45:12]} 56. Kf3 {[%clk 0:16:20]} g4+ {[%clk 0:45:36]} 57. Kg3
{[%clk 0:16:44]} Ke5 {[%clk 0:46:00]} 0-1

[Event "Greek Team Championship"]
[Site "chess24.com"]
[Date "2017.07.05"]
[Round "4"]
[White "Pissadakis, Dimitrios"]
[Black "Alexakis, Georgios"]
[Result "1-0"]
[Board "9"]
[WhiteElo "1853"]
[WhiteCountry "GRE"]
[WhiteFideId "4251768"]
[WhiteEloChange "15"]
[BlackElo "2048"]
[BlackCountry "GRE"]
[BlackFideId "4255038"]
[BlackEloChange "-15"]

1. d4 {[%clk 1:29:01]} Nf6 {[%clk 1:30:50]} 2. c4 {[%clk 1:29:16]} e6 {[%clk
1:30:49]} 3. Nf3 {[%clk 1:29:35]} d5 {[%clk 1:29:58]} 4. Nc3 {[%clk 1:26:59]} c6
{[%clk 1:29:00]} 5. g3 {[%clk 1:20:30]} dxc4 {[%clk 1:19:11]} 6. Bg2 {[%clk
1:20:30]} Bb4 {[%clk 1:10:17]} 7. O-O {[%clk 1:19:55]} Nd5 {[%clk 1:01:53]} 8.
Qc2 {[%clk 1:17:42]} b5 {[%clk 0:50:08]} 9. e4 {[%clk 1:14:41]} Nb6 {[%clk
0:41:11]} 10. Be3 {[%clk 1:11:58]} O-O {[%clk 0:39:47]} 11. Rad1 {[%clk 1:11:07]}
Bb7 {[%clk 0:35:21]} 12. Ne5 {[%clk 1:06:31]} f6 {[%clk 0:24:50]} 13. Nf3 {[%clk
1:04:32]} Qe8 {[%clk 0:23:27]} 14. Ne1 {[%clk 1:02:15]} N8d7 {[%clk 0:20:49]} 15.
a3 {[%clk 0:55:29]} Bxc3 {[%clk 0:17:18]} 16. Qxc3 {[%clk 0:52:35]} Qe7 {[%clk
0:16:42]} 17. Bc1 {[%clk 0:41:44]} a5 {[%clk 0:16:15]} 18. Nc2 {[%clk 0:40:44]}
Rfd8 {[%clk 0:13:20]} 19. Rfe1 {[%clk 0:39:07]} e5 {[%clk 0:09:34]} 20. f4 {[%clk
0:28:54]} exd4 {[%clk 0:06:21]} 21. Nxd4 {[%clk 0:28:41]} Nc5 {[%clk 0:05:20]}
22. Nf5 {[%clk 0:27:51]} Qc7 {[%clk 0:04:09]} 23. Nd4 {[%clk 0:22:56]} Re8 {[%clk
0:02:46]} 24. f5 {[%clk 0:15:05]} Nd3 {[%clk 0:01:58]} 25. Bf4 {[%clk 0:12:28]}
Nxf4 {[%clk 0:02:00]} 26. gxf4 {[%clk 0:12:56]} Qxf4 {[%clk 0:00:46]} 27. Ne6
{[%clk 0:12:24]} Qb8 {[%clk 0:00:42]} 28. e5 {[%clk 0:03:16]} fxe5 {[%clk
0:00:44]} 29. Qg3 {[%clk 0:03:29]} Rxe6 {[%clk 0:00:46]} 30. fxe6 {[%clk
0:03:52]} Qe8 {[%clk 0:01:00]} 31. Qxe5 {[%clk 0:03:44]} Qe7 {[%clk 0:00:37]} 32.
Rf1 {[%clk 0:03:29]} Bc8 {[%clk 0:00:39]} 33. Rf7 {[%clk 0:03:31]} Qxe6 {[%clk
0:00:51]} 34. Qxg7# {[%clk 0:03:31]} 1-0